| 000 | 01000nam a2200217 a 4500 | ||
|---|---|---|---|
| 001 | 000025548 | ||
| 005 | 20200930023852.0 | ||
| 008 | 110217s1971 mx r 000 0 spa d | ||
| 040 |
_aDO-SdBNP _bspa _cBNPHU |
||
| 041 | 1 | 7 |
_aspa _hpor _2Código de idiomas MARC |
| 082 |
_ann* _bnn* |
||
| 100 | 1 |
_aSinger, Paul Israel. _952215 |
|
| 240 | 1 | 0 |
_aDinâmica populacional e desenvolvimento (o papel do crescimiento populacional no desenvolvimento econômico). _lEspañol |
| 245 | 1 | 0 |
_aDinámica de la población y desarrollo : _bel papel del crecimiento demográfico en el desarrollo económico / _cPaul Israel Singer ; traducción de Cecilia Del-Veechio Galli. |
| 260 |
_aMéxico, D. F. : _bSiglo Veintiuno, _c1971. |
||
| 300 |
_a233 p. ; _c20 cm. |
||
| 534 |
_aTítulo original : _tDinâmica populacional e desenvolvimento (o papel do crescimiento populacional no desenvolvimento econômico) |
||
| 504 | _aBibliografía : 228-233 p. | ||
| 700 | 1 |
_aDel-Veechio Galli, Cecilia, _etr. _952216 |
|
| 049 | _aBNGR | ||
| 999 |
_c25040 _d25040 |
||